000 00394nam a2200169Ia 4500
008 230524s9999 xx 000 0 und d
020 _a8122413773
082 _a339
_bGAN
100 _aAnand Ganguly
245 0 _aInsurance Management
250 _aIST
260 _aNEW DELHI
_bNew Age
_c2009
300 _aXI;364
500 _aQuantity Number: 10
650 _aManagement
942 _cBK
999 _c43339
_d43339